banner-ar

دراسات فى جغرافية مصر / (Record no. 45754)

MARC details
000 -الفاتح
حقل البيانات ثابتة الطول 00729nam a2200217Ia 4500
008 - عناصر البيانات ثابتة الطول - معلومات عامة
حقل البيانات ثابتة الطول 140319s9999 xx 000 0 ara d
040 ## - مصدر الفهرسة
وكالة الفهرسة الأصلية GCL /
وكالة النسخ GCL
082 04 - رقم تصنيف ديوى العشرى
رقم التصنيف ق
رقم المادة 916.2
-- م د
100 1# - المدخل الرئيسى - إسم شخصى
الإسم الشخصى محمد صبحى عبدالحكيم
245 10 - بيان العنوان
العنوان دراسات فى جغرافية مصر /
بيان المسئوليه,etc محمد صبحى عبدالحكيم
700 1# - المدخل الاضافى - اسم شخصى
الإسم الشخصى محمد صفى الدين
700 1# - المدخل الاضافى - اسم شخصى
الإسم الشخصى جمال الدناصورى
700 1# - المدخل الاضافى - اسم شخصى
الإسم الشخصى ابوبكر على عبدالعاطى
300 ## - الوصف المادى
التعداد 537 ص
490 ## - بيان السلسلة
عنوان السلسلة الالف كتاب
رقم المجلد/ التعيين التسلسلي 0
650 04 - المدخل الاضافى بالموضوع-مصطلح موضوعى
مصطلح موضوعي مصر - الجغرافيا الاقتصادية
650 04 - المدخل الاضافى بالموضوع-مصطلح موضوعى
مصطلح موضوعي مصر - الجغرافيا الزراعية
650 04 - المدخل الاضافى بالموضوع-مصطلح موضوعى
مصطلح موضوعي مصر - جغرافيا
942 ## - عناصر المدخل الإضافي( كوها)
مصدر التصنيف او مخطط الترفيف Dewey Decimal Classification
Koha [default] item type كتاب
Holdings
حالة التراجع حالة الفقد حالة تلف ليس للاعارة المكان المؤقت الموقع الحالى تاريخ الاكتساب اجمالي اﻻعارات رقم الطلب الباركود تاريخ اخر مشاهدة تاريخ تفعيل السعر نوع وعاء كوها
        مكتبة القاهرة الكبرى مكتبة القاهرة الكبرى 03/26/2014   ق\916.2\م د 111561 03/26/2014 03/26/2014 كتاب

Powered By

EGPV